Az utazás etikája

Elmentve itt :
Bibliográfiai részletek
Szerző: Szilágyi Sándor
Dokumentumtípus: Cikk
Megjelent: JATE Szeged 1975
Sorozat:Bölcsész
Kulcsszavak:Szociológia
Tárgyszavak:
Online Access:http://acta.bibl.u-szeged.hu/7941
LEADER 00637nab a2200205 i 4500
001 acta7941
005 20250926123844.0
008 161015s1975 hu o 000 hun d
022 |a 0139-0171 
040 |a SZTE Egyetemi Kiadványok Repozitórium  |b hun 
041 |a hun 
100 1 |a Szilágyi Sándor 
245 1 3 |a Az utazás etikája  |h [elektronikus dokumentum] /  |c  Szilágyi Sándor 
260 |a JATE  |b Szeged  |c 1975 
300 |a 5-11 
490 0 |a Bölcsész 
650 4 |a Társadalomtudományok 
650 4 |a Szociológia 
695 |a Szociológia 
856 4 0 |u http://acta.bibl.u-szeged.hu/7941/1/bolcsesz_1975_1_005-011.pdf  |z Dokumentum-elérés